000 01632nam0a22003251 4500
001 rc\606023
005 20031121163646.4
035 _a(NLR Aleph) 005850123
090 _a5769892
_c5769892
100 _a20031121d1986 u |0rusy50 ca
101 0 _arus
_aeng
102 _aRU
105 _aa |||||||||
200 1 _aИсследование продольных токов и потоков авроральных электронов во время магнитных суббурь
_fВ.И. Лазарев, М.В. Тельцов, С.И. Школьникова
210 _aМ.
_cИЗМИРАН
_d1986
215 _a23 с.
_cил.
_d21
225 1 _aПрепринт
_fАН СССР, Ин-т земного магнетизма, ионосферы и распространения радиоволн
_v№ 37а (651)
300 _aНа обл.: Stadu of field-alicned currents and auroral electron fluxes during magnetic supstorms / V.I. Lazarev, M.V. Teltsov, S.I. Shkolnikova
320 _aБиблиогр.: с. 14-15
320 _aТекст на англ. яз.
512 0 _aStadu of field-alicned currents and auroral electron fluxes during magnetic supstorms
517 0 _aStudy of field-alicned currents and auroral electron fluxes during magnetic supstorms
700 1 _aЛазарев
_bВ. И.
_gВалентин Иванович
701 1 _aТельцов
_bМ. В.
_gМихаил Владимирович
701 1 _aШкольникова
_bС. И.
_gСветлана Ильинична
801 0 _aRU
_bNLR
_gpsbo
801 1 _aRU
_bELAR
_2rusmarc
852 _aNLR
_j88-4/8023
942 _cBOOK
980 _aNB